000 00477nam a2200133Ia 4500
008 100328s9999 xx 000 0 und d
082 _b56966
100 _aबेडेकर चित्रा
245 _aअलेक्झांडर फ्लेमिंग
260 _bलोकवाडे.मयगृह
630 _aअलेक्झांडर फ्लेमिंग
730 _aअलेक्झांडर फ्लेमिंग
942 _cBOOK
999 _c543457
_d543454